000 00378nam a2200145Ia 4500
008 240624s9999 xx 000 0 und d
041 _aeng
082 _a650.144 MAR
100 _aMARTIN CAROLE
245 _aWHAT TO SAY IN EVERY JOB INTERVIEW HOW T
260 _c2014
_aNew York
_bMcGraw Hill Education
300 _axix, 250 pages ; , 23 cm
365 _c
_b38
440 _v1
999 _c29305
_d29305